=LDR 00000nam 2200000 4500 =001 INLIS000000000054675 =005 20200219083252 =035 ##$$a 0010-0220000237 =007 ta =008 200219###########################0#ind## =020 ##$$a 978-602-6724-08-3 =082 ##$$a 297.415 =084 ##$$a 297.415 Sul t =245 1#$$a Tuntunan Super Lengkap Haji dan Umrah /$c Ustad A. Sholihin As-Suhaili =300 ##$$a 216 halaman ; $c 19 Cm. =650 #4$$a Haji =700 #$$a Editor, Ustadz Z. Ul-Haq =264 ##$$a Jakarta :$b Cahaya Ilmu,$c 2018 =336 ##$$a teks$2 rdacontent =337 ##$$a lain-lain$2 rdamedia =338 ##$$a lain-lain$2 rdacarrier =990 ##$$a 11451145 =990 ##$$a 11451145